LEADER 01331nam a2200289 u 4500 001 000000128866 003 CaOOAMICUS 005 20120516095434.0 008 120516s2012 it u000 u ita r 020 $a978-88-13-32278-6 040 $aPUL$bita 082 04$a346.4504 245 03$aLa mediazione :$bdomande e risposte per i dubbi dell'avvocato (mediatore e non). Problematiche processuali di introduzione del giudizio /$ca cura di Giuseppe Cassano ... [et al.]. 260 $aPadova :$bCEDAM,$c2012. 300 $aXIV, 266 p. ;$c24 cm 500 $aInclude indici. 504 $aBibliografia in nota. 650 4$aMediazione (Diritto).$0(OLS)http://pul/subject/18433 700 1 $aCassano, Giuseppe.$0(OLS)http://pul/name/35446 850 $aPUL 852 $aPUL$W1$xSL Diritto e Scienze Sociali 3$y79$m346. 4504 CASGI 2$j149220$qDDC 21$B147771$CPULBib$Z2$F147771 $H119619 $82 941 1 $a9 996 $6020$a978-88-13-32278-6$9(OLS)http://pul/number/149657 996 $6082$a346.4504$9(OLS)http://pul/classification/1822 996 $6245$aLa mediazione :$bdomande e risposte per i dubbi dell'avvocato (mediatore e non). Problematiche processuali di introduzione del giudizio$9(OLS)http://pul/title/162838 996 $6260$aPadova :$bCEDAM$9(OLS)http://pul/publisher/48126 LEADER 01215nam a2200301 a 4500 001 000000152758 003 CaOOAMICUS 005 20160711110108.0 008 160711s1977 it u000 u ita r 032 $aLibriCat 040 $aPUL$bita 041 1 $aita$heng 100 1 $aAnderson, Perry.$0(OLS)http://pul/name/14503 240 10$aConsiderations on western marxism.$lItaliano.$0(OLS)http://pul/title/192169 245 13$aIl dibattito nel marxismo occidentale /$cPerry Anderson. 260 $aRoma ;$aBari :$bLaterza,$c1977. 300 $aVI, 158 p. ;$c18 cm. 490 1 $aSaggi tascabili Laterza ;$v43 500 $aContiene indici. 504 $aBibliografia in nota. 650 4$aMarxismo$xCritica e interpretazione.$0(OLS)http://pul/subject/18831 830 0$aSaggi tascabili Laterza ;$v43.$0(OLS)http://pul/title/33436 850 $aPUL 852 $aPUL$W1$xDP1 Fondo G. Barberini$y122$m1 A 56.43$j176106$qFondi$B178255$CPULBib$Z2$F178255 $HBar636 $81 941 1 $a1 996 $6245$aIl dibattito nel marxismo occidentale$9(OLS)http://pul/title/192170 996 $6260$aRoma ;$aBari :$bLaterza$9(OLS)http://pul/publisher/57682